1001 přírodních prostředků /

Hlavní autor: Vukovic, Laurel
Jazyk: Čeština
Vydáno: V Praze : Ikar, 2005
Vydání: Vyd. 1.
Témata:
Fyzický popis: 192 s. : barev. il. ; 25 cm
Knihy
Uloženo v:
LEADER 01838nam a2200529 a 4500
001 000776012
003 CZ BrMZK
005 20050722092047.0
007 ta
008 050525s2005 xr a gr 001 f cze d
015 |a cnb001527080 
020 |a 80-249-0567-1  |q (váz.) 
035 |a (OCoLC)85139814 
040 |a BOA001  |b cze 
041 1 |a cze  |h eng 
072 7 |a 615.8  |x Fyzioterapie. Psychoterapie. Alternativní lékařství  |2 Konspekt  |9 14 
080 |a 615.83  |2 MRF 
080 |a 615.83+615.89  |2 MRF 
080 |a 633.88  |2 MRF 
080 |a 615.45  |2 MRF 
080 |a 613  |2 MRF 
080 |a 687.5  |2 MRF 
080 |a 64  |2 MRF 
080 |a 636.083  |2 MRF 
080 |a (035)  |2 MRF 
100 1 |a Vukovic, Laurel  |7 mzk2005286877  |4 aut 
245 1 0 |a 1001 přírodních prostředků /  |c Laurel Vukovicová ; [z anglického originálu ... přeložila Květa Palowská] 
246 3 |a Tisíc jedna přírodních prostředků 
250 |a Vyd. 1. 
260 |a V Praze :  |b Ikar,  |c 2005 
300 |a 192 s. :  |b barev. il. ;  |c 25 cm 
500 |a Obsahuje rejstřík 
500 |a Obálkový podnázev: Recepty pro zdraví, krásu, domov 
650 0 7 |a naturopatie  |7 ph123175  |2 czenas 
650 0 7 |a přírodní léčitelství  |7 ph135495  |2 czenas 
650 0 7 |a léčivé rostliny  |7 ph115198  |2 czenas 
650 0 7 |a léčivé přípravky  |7 ph122532  |2 czenas 
650 0 7 |a péče o zdraví  |7 ph124852  |2 czenas 
650 0 7 |a péče o vzhled  |7 ph265711  |2 czenas 
650 0 7 |a domácí hospodářství  |7 ph119553  |2 czenas 
650 0 7 |a péče o zvířata  |7 ph134959  |2 czenas 
655 7 |a příručky  |7 fd133209  |2 czenas 
765 0 |t 1001 natural remedies  |9 Česky 
910 |a BOA001  |b 2-1152.939 
990 |a BK 
991 |b 200507  |c NOV 
996 6 |b 2610253317  |c 2-1152.939  |l MZK  |r Sklad / do 1 hodiny  |n 0  |p p.v.  |w 000776012  |u 000010  |a 1  |e BOA001  |j MZK50  |s P